The true history of paradise a novel
Guardat en:
| Autor principal: | |
|---|---|
| Format: | Llibre |
| Idioma: | anglès |
| Publicat: |
A Dutton Book
1999
|
| Etiquetes: |
Afegir etiqueta
Sense etiquetes, Sigues el primer a etiquetar aquest registre!
|
MARC
| LEADER | 00000nam a22000007a 4500 | ||
|---|---|---|---|
| 008 | 210122b ||||| |||| 00| 0 eng d | ||
| 020 | |a 0-525-94490-7 | ||
| 100 | |a CEZAIR-THOMPSON, Margaret | ||
| 245 | |a The true history of paradise |b a novel |c Margaret Cezair-Thompson |g 333p. | ||
| 260 | |b A Dutton Book |c 1999 |d Books |h New York |i 681709 |l PR9265.9 .C32 |m Novel | ||
| 942 | |a lcc |c BK |e Adekanye I. H. |f 22/01/2021 | ||
| 952 | |0 0 |1 0 |2 lcc |4 0 |6 PR92659 C32 |7 0 |9 1501 |a HOL |b HOL |c LP |d 2021-01-22 |l 0 |o PR9265.9 .C32 |p 2021-0298 |r 2021-01-22 00:00:00 |w 2021-01-22 |y BK | ||
| 999 | |c 787 |d 787 | ||